Hodnotenie výkonnosti podnikov v automobilovom priemysle
Guardado en:
| Autor principal: | |
|---|---|
| Otros Autores: | |
| Formato: | Capítulo de libro |
| Lenguaje: | eslovaco |
| Materias: | |
| Etiquetas: |
Sin Etiquetas, Sea el primero en etiquetar este registro!
|
MARC
| LEADER | 00000nla a2200000 4500 | ||
|---|---|---|---|
| 001 | 0233343 | ||
| 005 | 20240531123236.1 | ||
| 041 | 0 | |a slo | |
| 044 | |a SK | ||
| 245 | 1 | 0 | |a Hodnotenie výkonnosti podnikov v automobilovom priemysle |c František Hurný, Roman Lacko |
| 500 | |a Abstrakt | ||
| 610 | 2 | 0 | |a priemysel automobilový |
| 610 | 2 | 0 | |a výkony podnikové |
| 610 | 2 | 0 | |a výkonnosť podniku |
| 610 | 2 | 0 | |a meranie |
| 610 | 2 | 0 | |a Slovensko |
| 100 | 1 | |a Hurný, František | |
| 700 | 1 | |a Lacko, Roman, 1988- | |